00417pab a2200145 454500008004000000100002300040245007400063260000900137300001300146362001200159650001800171650001000189700002100199773005100220180718b2011 xxu||||| |||| 00| 0 eng d aMurugan, P. Ananda aAssets quality of selected scheduled urban cooperative banks in India c2011 ap.87-90. aJan-Jun aBanks - India aBanks aRamachandran, A. aSouth Asian Journal of Socio-Political Studies